Bienvenue à la Médiathèque de Saint-Andiol
banniere
Accueil Recherche avancée Mon compte
handi1 Rechercher dans le catalogue

Filtre   Mots-clés
  Recherche avancée
 
Lister les dernières nouveautés
 
Lister les livres GROS CARACTERES
 
Lister les périodiques (magazines)

handi1 C'est nikol crème !

Book Cover
Auteur principal : William Maury
Autres auteurs : Christophe Cazenove
Titre : C'est nikol crème !
Support : Livres
Langue : Francais
Publié : DL 2009 Bamboo éd. Charnay-lès-Mâcon
Series : Les sisters
Genre : Bande Dessinée (enfants)
Collection : Les sisters
Sujets :
Étiquettes :
Pas de tags
LEADER 01385nam0a2200229 450
001 16868378
010 |a 978-2-35078-782-4  |b rel.  |d 11,95 € 
100 |a 20260529d2026 u u0frey01 ba 
101 0 |a fre 
102 |a FR 
200 0 |a C'est nikol crème !  |f dessin & couleurs, William  |g scénario, Cazenove & William 
207 1 |a   
210 |a Charnay-lès-Mâcon  |c Bamboo éd.  |d DL 2009 
215 |a 1 vol. (46 p.)  |c ill. en coul., couv. ill. en coul.  |d 30 cm 
225 1 |a Les sisters  |v 4 
330 |a Yipeeee ! Il a encore neigé tout plein ! Avec ma sister Wendy, on va se taper des méga grosses batailles de boules de neige, creuser des « ziglous » partout dans le jardin, et faire des super bonshommes de neige ! Mais ça, à la limite, je m'en fiche parce que moi j'en fais toute l'année des bonshommes, en terre, comme ça, ça me fait gagner du temps pour l'hiver. Et encore plus géant, Papy et Mamy ont un petit chien tout craquounet. Il s'appelle Darwin et on va pouvoir le garder quelques jours. C'est les vacances, il neige, et on a un chien ... C'est nikol crèèème !!! 
461 0 |t Les sisters  |v 4 
700 0 |a Maury  |b William  |f 1969-....  |4 70 
701 0 |a Cazenove  |b Christophe  |c scénariste BD  |f 1969-....  |4 70 
900 |a Bande Dessinée (enfants) 
901 |a Jeunesse 
995 |a Médiathèque  |c Médiathèque  |f 089021938  |h 089021938  |k BD SIS  |o p  |q j  |r az  |e Médiathèque